000 00972nam a2200277Ia 4500
003 OSt
005 20220930091414.0
006 a|||||r|||| 00| 0
007 ta
008 220926b |||||||| |||| 00| 0 eng d
024 _a5882
037 _cTheses
040 _aCRL
_cCRL
_beng
041 _2eng
_aeng
100 _aYadav Simpi Au.
_9545564
110 _aUniversity of Delhi. Faculty of Medical Sciences. Department of Obstetrics and Gynaecology and Toxicology
_9545565
245 0 _aTo study the effect of progestogens on il-6, tnf-a and il-10 in threatened abortion
260 _c2012
300 _a72
_ap.
_ccm.
650 _aWOMEN - DISEASES
700 _a Dr. Anju Jain Gu.
_9532951
700 _a Dr. Reena Gu.
_9542059
700 _aUniversity of Delhi. Faculty of Medical Sciences. Department of Obstetrics and Gynaecology and Toxicology
_9545566
942 _cDIS
_2CC
999 _c882039
_d882039